000 00804cab a22002175a 4500
001 L142344
008 080207e20080201xxkad f s 000 0 eng d
035 _a(Sirsi) u142344
041 0 _aeng
100 1 _aWatson, Stuart
245 0 0 _aRegional report
_bEast Midlands
260 _c2008
490 0 _aProperty Week
_v73(5) 1 February 2008, 113-138(9)
520 _aReports on market news and deals from the region; a twenty year plan to revive Gainsborough; how office market conditions have shifted in favour of Nottingham City; how the Willow Place retail scheme is helping regeneration in Corby.
590 _aKA
651 4 _aEast Midlands (England)
690 _aPROPERTY-COMMERCIAL PROPERTY-COMMERCIAL PROPERTY MARKET
700 1 _aGibson, Rupert
700 1 _aDuxbury, Nick
942 _n0
999 _c79787
_d79787